Energy in biological systems. (Record no. 1394)
[ view plain ]
| 000 -LEADER | |
|---|---|
| fixed length control field | 00524cam0a220019300 4500 |
| 001 - CONTROL NUMBER | |
| control field | tmp15754236 |
| 003 - CONTROL NUMBER IDENTIFIER | |
| control field | UPRA |
| 005 - DATE AND TIME OF LATEST TRANSACTION | |
| control field | 20190809113345.0 |
| 008 - FIXED-LENGTH DATA ELEMENTS--GENERAL INFORMATION | |
| fixed length control field | 951020s1991 xx eng u |
| 035 ## - SYSTEM CONTROL NUMBER | |
| System control number | (Sirsi) r42179 |
| 035 ## - SYSTEM CONTROL NUMBER | |
| System control number | (UPRA)tmp15754236 |
| 035 ## - SYSTEM CONTROL NUMBER | |
| System control number | (UPRA)tmp15761292 |
| 040 ## - CATALOGING SOURCE | |
| Transcribing agency | UPRA |
| 245 00 - TITLE STATEMENT | |
| Title | Energy in biological systems. |
| 260 ## - PUBLICATION, DISTRIBUTION, ETC. | |
| Date of publication, distribution, etc. | 1991. |
| 949 ## - LOCAL PROCESSING INFORMATION (OCLC) | |
| a | QH510 |
| w | LC |
| i | 33729001441414 |
| m | VETMED |
| p | 2500 |
| t | BOOK |
| l | ON-SHELF |
| 949 ## - LOCAL PROCESSING INFORMATION (OCLC) | |
| a | QH510 |
| w | LC |
| i | 33729000328083 |
| m | MAIN |
| p | 2500 |
| t | BOOK |
| l | ON-SHELF |
| Withdrawn status | Lost status | Source of classification or shelving scheme | Damaged status | Not for loan | Home library | Current library | Shelving location | Total Checkouts | Full call number | Barcode | Date last seen | Copy number | Price effective from | Koha item type |
|---|---|---|---|---|---|---|---|---|---|---|---|---|---|---|
| Library of Congress Classification | Vet Medicine Library | Vet Medicine Library | On Shelf | QH510 | 33729001441414 | 08/09/2019 | 1 | 08/09/2019 | Book |